Catalina_ Cheu-B _ SDM _ paroles - Statistiques

Statistiques générales
  • Ce quiz a été pris 48 fois
  • Le résultat moyen est 233 sur 325
Statistiques - réponses
Hint Réponse % Correct
Couplet 1 La
97%
la
97%
97%
laisse
97%
à
94%
ce
94%
cette
91%
mal
91%
me
91%
mélodie
91%
moi
91%
peut
91%
Putain
91%
d'film
88%
le
88%
par
88%
pousser
88%
toi
88%
Catalina
85%
c'est
85%
érotique
85%
life
85%
place
85%
ta
85%
d'ta
82%
ma
82%
des
79%
héros
79%
l'super
79%
On
79%
on
79%
sûr
79%
te
79%
en
76%
En
76%
entrée
76%
plat
76%
soir
76%
Dans
73%
desser
73%
dessert
73%
et
73%
les
73%
mais
73%
73%
ou
73%
pas
73%
titulaire
73%
vient
73%
j'suis
70%
J'suis
70%
SAMU
70%
Refrain 1 Shawty
70%
t'es
70%
au
67%
Au
67%
qui
67%
Couplet 2 Oh
64%
t'as
64%
tout
64%
étoiles
61%
j'veux
61%
J'veux
61%
non
61%
nuit
61%
qu'est
61%
qu'on
61%
s'amuse
61%
soleil
61%
journée
58%
J'te
58%
j'te
58%
l'antidote
58%
s'capte
58%
Appelez
55%
appelez
55%
c'que
55%
Rela
55%
rela
55%
relation
55%
sait
55%
sous
55%
toxique
55%
Tu
55%
tu
55%
va
55%
y
55%
Refrain 2 Babe
52%
d'choses
52%
Tellement
52%
Couplet 3 J'me
48%
l'game
48%
mission
48%
Prends
48%
prends
48%
t'soigner
48%
ami
45%
ciel
45%
du
45%
pleine
45%
poses
45%
rapproche
45%
simple
45%
une
45%
addiction
42%
additionnel
42%
plus
42%
questions
42%
qu'un
42%
Bond
39%
bout
39%
James
39%
l'addition
39%
l'temps
39%
moment
39%
monde
39%
soigner
39%
J'la
36%
l'autre
36%
pression
36%
qu'tu
36%
seul
36%
d'agir
33%
frissons
33%
m'vois
33%
bien
30%
Accroche
27%
j'enlève
27%
m'fais
27%
redescendre
27%
donne
21%
dire
18%
pour
18%
Aucun quiz correspondant
Distribution des résultats
% des personnes avec chaque résultat
Percentile par nombre de réponses
Votre historique - résultats
Vous n’avez pas pris ce quiz